[Event "Marienbad Open-A1 2019"]
[Site "Marianske Lazne"]
[Date "2019.01.24"]
[Round "7"]
[White "Chernyshov, Konstantin"]
[Black "Simek, Petr"]
[Result "1/2-1/2"]
[WhiteElo "2500"]
[BlackElo "2330"]
[Annotator "ChessBase"]
[PlyCount "107"]
[EventDate "2019.01.17"]
[EventType "tourn"]
[EventCountry "CZE"]
[SourceTitle "playchess.com"]
[Source "ChessBase"]
[SourceQuality "1"]
[TimeControl "40/5400+30:1800+30"]

1. Nf3 {[%emt 0:00:00]} d5 {[%emt 0:00:00]} 2. d4 {[%emt 0:00:28]} Nf6 {[%emt 0:00:00]} 3. Bf4 {[%emt 0:00:20]} c5 {[%emt 0:00:07]} 4. e3 {[%emt 0:03:46]} Nc6 {[%emt 0:00:06]} 5. Nc3 {[%emt 0:00:32]} cxd4 {[%emt 0:32:18]} 6. Nxd4 {[%emt 0:07:11]} a6 {[%emt 0:08:59]} 7. Be2 {[%emt 0:06:26]} g6 {[%emt 0:02:04]} 8. e4 {[%emt 0:06:43]} Bg7 {[%emt 0:12:53]} 9. e5 {[%emt 0:04:44]} Nd7 {[%emt 0:00:14]} 10. Nxd5 {[%emt 0:04:15]} Qa5+ {[%emt 0:01:34]} 11. Nc3 {[%emt 0:00:48]} Ndxe5 {[%emt 0:01:30]} 12. Nb3 {[%emt 0:02:19]} Qb4 {[%emt 0:01:21]} 13. Qc1 {[%emt 0:00:18]} Be6 {[%emt 0:09:06]} 14. O-O {[%emt 0:03:37]} O-O {[%emt 0:00:48]} 15. Re1 {[%emt 0:11:46]} Bxb3 {[%emt 0:03:47]} 16. axb3 {[%emt 0:00:33]} Rfd8 {[%emt 0:00:13]} 17. Ra4 {[%emt 0:03:03]} Qb6 {[%emt 0:00:18]} 18. Re4 {[%emt 0:02:50]} e6 {[%emt 0:11:22]} 19. Bh6 {[%emt 0:05:13]} f5 {[%emt 0:00:56]} 20. Bxg7 {[%emt 0:05:58]} Kxg7 {[%emt 0:02:17]} 21. Re3 {[%emt 0:02:51]} Rd6 {[%emt 0:01:23]} 22. Na4 {[%emt 0:05:48]} Qa5 {[%emt 0:01:02]} 23. c4 {[%emt 0:01:03]} Re8 {[%emt 0:00:53]} 24. f4 {[%emt 0:02:43]} Nd7 {[%emt 0:00:55]} 25. Bf3 {[%emt 0:00:35]} Kf6 {[%emt 0:02:13]} 26. Rd1 {[%emt 0:05:43]} Rxd1+ {[%emt 0:00:11]} 27. Qxd1 {[%emt 0:00:05]} Qc7 {[%emt 0:02:47]} 28. Qd2 {[%emt 0:00:22]} Kf7 {[%emt 0:00:37]} 29. Rd3 {[%emt 0:04:22]} Ndb8 {[%emt 0:00:40]} 30. Qe3 {[%emt 0:01:52]} Nb4 {[%emt 0:02:23]} 31. Rd2 {[%emt 0:01:27]} N8c6 {[%emt 0:00:10]} 32. Nc5 {[%emt 0:01:53]} Re7 {[%emt 0:00:12]} 33. g3 {[%emt 0:01:20]} b6 {[%emt 0:01:20]} 34. Na4 {[%emt 0:02:07]} b5 {[%emt 0:00:11]} 35. cxb5 {[%emt 0:01:02]} axb5 {[%emt 0:00:04]} 36. Nc3 {[%emt 0:00:03]} Qa5 {[%emt 0:00:59]} 37. Qc5 {[%emt 0:00:56]} Qa7 {[%emt 0:01:22]} 38. Qxa7 {[%emt 0:00:37]} Nxa7 {[%emt 0:00:19]} 39. Rd6 {[%emt 0:00:18]} Rc7 {[%emt 0:00:13]} 40. Rb6 {[%emt 0:00:47]} Nd3 {[%emt 0:00:29]} 41. Be2 {[%emt 0:31:28]} Nc1 {[%emt 0:07:06]} 42. b4 {[%emt 0:00:00]} Nxe2+ {[%emt 0:02:45]} 43. Nxe2 {[%emt 0:00:00]} Nc8 {[%emt 0:00:14]} 44. Rxb5 {[%emt 0:00:00]} Rc2 {[%emt 0:00:03]} 45. Rb7+ {[%emt 0:00:00]} Kf6 {[%emt 0:00:08]} 46. Nd4 {[%emt 0:00:00]} Rxb2 {[%emt 0:00:05]} 47. Nc6 {[%emt 0:00:00]} Nd6 {[%emt 0:00:50]} 48. Rd7 {[%emt 0:00:00]} Nf7 {[%emt 0:00:13]} 49. h4 {[%emt 0:00:00]} h6 {[%emt 0:00:14]} 50. Rb7 {[%emt 0:00:00]} g5 {[%emt 0:07:40]} 51. Rd7 {[%emt 0:00:00]} gxf4 {[%emt 0:01:22]} 52. gxf4 {[%emt 0:00:00]} h5 {[%emt 0:00:05]} 53. Rd4 {[%emt 0:00:00]} Kg7 {[%emt 0:06:25]} 54. Rd7 {[%emt 0:00:00]} 1/2-1/2

[Event "Marienbad Open-A1 2019"]
[Site "Marianske Lazne"]
[Date "2019.01.24"]
[Round "7"]
[White "Gumularz, Szymon"]
[Black "Ajay Krishna, S."]
[Result "1-0"]
[WhiteElo "2475"]
[BlackElo "2289"]
[Annotator "ChessBase"]
[PlyCount "104"]
[EventDate "2019.01.17"]
[EventType "tourn"]
[EventCountry "CZE"]
[SourceTitle "playchess.com"]
[Source "ChessBase"]
[SourceQuality "1"]
[TimeControl "40/5400+30:1800+30"]

1. e4 {[%emt 0:00:00]} c5 {[%emt 0:03:58]} 2. Nf3 {[%emt 0:00:00]} d6 {[%emt 0:00:08]} 3. d4 {[%emt 0:00:00]} cxd4 {[%emt 0:00:03]} 4. Nxd4 {[%emt 0:00:07]} Nf6 {[%emt 0:00:04]} 5. Nc3 {[%emt 0:00:07]} a6 {[%emt 0:00:02]} 6. h3 {[%emt 0:01:10]} e5 {[%emt 0:00:07]} 7. Nde2 {[%emt 0:00:08]} h5 {[%emt 0:00:06]} 8. Nd5 {[%emt 0:02:19]} Nxe4 {[%emt 0:07:48]} 9. Be3 {[%emt 0:00:19]} Nd7 {[%emt 0:00:59]} 10. c4 {[%emt 0:00:35]} Be7 {[%emt 0:07:05]} 11. Qc2 {[%emt 0:00:29]} Nef6 {[%emt 0:03:09]} 12. Nec3 {[%emt 0:01:38]} Nxd5 {[%emt 0:16:52]} 13. Nxd5 {[%emt 0:00:07]} O-O {[%emt 0:01:42]} 14. Be2 {[%emt 0:05:13]} Bg5 {[%emt 0:05:24]} 15. Bxh5 {[%emt 0:12:17]} Bxe3 {[%emt 0:00:16]} 16. Nxe3 {[%emt 0:00:04]} Nc5 {[%emt 0:00:57]} 17. Bf3 {[%emt 0:08:16]} Ne6 {[%emt 0:06:34]} 18. Qd2 {[%emt 0:00:52]} Nd4 {[%emt 0:09:06]} 19. Bd5 {[%emt 0:00:52]} Rb8 {[%emt 0:03:16]} 20. O-O {[%emt 0:03:07]} b5 {[%emt 0:07:02]} 21. Rad1 {[%emt 0:15:28]} bxc4 {[%emt 0:02:57]} 22. Kh1 {[%emt 0:01:51]} Be6 {[%emt 0:06:22]} 23. Bxe6 {[%emt 0:00:43]} fxe6 {[%emt 0:00:06]} 24. Nxc4 {[%emt 0:00:04]} Rf4 {[%emt 0:00:15]} 25. b3 {[%emt 0:01:28]} Qe7 {[%emt 0:01:39]} 26. Qa5 {[%emt 0:05:09]} Rbf8 {[%emt 0:02:00]} 27. Qxa6 {[%emt 0:14:31]} Rxf2 {[%emt 0:00:19]} 28. Rxf2 {[%emt 0:00:40]} Rxf2 {[%emt 0:00:03]} 29. Nxd6 {[%emt 0:00:52]} Qg5 {[%emt 0:04:57]} 30. Qa8+ {[%emt 0:02:18]} Rf8 {[%emt 0:02:47]} 31. Qe4 {[%emt 0:00:33]} Qg3 {[%emt 0:01:50]} 32. Qg4 {[%emt 0:12:06]} Qf2 {[%emt 0:00:39]} 33. Ne4 {[%emt 0:10:23]} Qxa2 {[%emt 0:00:46]} 34. Qg6 {[%emt 0:00:21]} Qxb3 {[%emt 0:02:46]} 35. Rd3 {[%emt 0:00:58]} Qb1+ {[%emt 0:01:39]} 36. Kh2 {[%emt 0:00:08]} Qf1 {[%emt 0:00:47]} 37. Rg3 {[%emt 0:02:02]} Qf7 {[%emt 0:00:10]} 38. Qg4 {[%emt 0:00:16]} Nf5 {[%emt 0:00:42]} 39. Rf3 {[%emt 0:00:27]} Qe8 {[%emt 0:00:58]} 40. Qg5 {[%emt 0:00:27]} Qa8 {[%emt 0:01:15]} 41. Qg4 {[%emt 0:31:24]} Qe8 {[%emt 0:06:53]} 42. Ng5 {[%emt 0:00:00]} Qg6 {[%emt 0:01:06]} 43. h4 {[%emt 0:00:00]} Nd4 {[%emt 0:01:35]} 44. Rxf8+ {[%emt 0:00:00]} Kxf8 {[%emt 0:00:06]} 45. Qg3 {[%emt 0:00:00]} Qf5 {[%emt 0:01:43]} 46. Qa3+ {[%emt 0:00:00]} Kg8 {[%emt 0:00:37]} 47. Qa8+ {[%emt 0:00:00]} Qf8 {[%emt 0:00:09]} 48. Qb7 {[%emt 0:00:00]} Qf4+ {[%emt 0:00:41]} 49. Kh3 {[%emt 0:00:00]} Qf5+ {[%emt 0:00:48]} 50. Kh2 {[%emt 0:00:00]} Qf4+ {[%emt 0:00:33]} 51. Kh3 {[%emt 0:00:00]} Qf5+ {[%emt 0:00:29]} 52. Kh2 {[%emt 0:00:00]} Qf4+ {[%emt 0:00:12]} 1-0

[Event "Marienbad Open-A1 2019"]
[Site "Marianske Lazne"]
[Date "2019.01.24"]
[Round "7"]
[White "Rakesh Kumar Jena"]
[Black "Makarian, Rudik"]
[Result "1/2-1/2"]
[WhiteElo "2426"]
[BlackElo "2354"]
[Annotator "TA"]
[PlyCount "79"]
[EventDate "2019.01.17"]
[EventType "tourn"]
[EventCountry "CZE"]
[SourceTitle "playchess.com"]
[Source "ChessBase"]
[SourceQuality "1"]

{[%evp 19,79,10,22,-9,47,0,0,0,2,0,0,-26,-23,-85,-88,-101,-95,-100,-97,-110,-62,-102,-92,-131,-117,-123,-102,-195,-147,-200,-107,-100,-100,-100,-101,-100,-95,-123,-95,-131,-136,-155,-153,-156,-148,-126,-127,-122,-93,-130,0,0,0,0,0,0,0,0,0,0,0,0]} 1. d4 Nf6 2. Nf3 b6 3. Bf4 Bb7 4. e3 g6 5. Nbd2 Bg7 6. h3 O-O 7. Bd3 c5 8. c3 d6 9. O-O Nbd7 10. Bh2 {A48: 1 d4 Nf6 2 Nf3 g6: Torre, London and Colle Systems} Re8 {LiveBook: 3 Games} (10... a6 11. Re1 b5 12. a4 Qb6 13. e4 Rfd8 14. Qe2 c4 15. Bc2 Nf8 16. d5 N8d7 {0-1 (49) Le,Q (2737)-Hansen,E (2629) chess.com INT 2018}) 11. e4 e5 (11... cxd4 $11 12. cxd4 e5) 12. dxe5 $146 {White is slightly better.} ({Predecessor:} 12. d5 Rf8 13. b4 Ne8 14. bxc5 Nxc5 {0-1 (28) Cezar,R (1585)-De Borba,G (1888) Itajai 2017}) 12... Nxe5 13. Nxe5 dxe5 14. Qc2 Qc7 15. f4 Nh5 {[%cal Re5f4,Bf6h5,Bh5g3,Bg3e4][%mdl 32]} 16. fxe5 (16. f5 $11 {keeps the balance.}) 16... Bxe5 $17 17. Bxe5 Rxe5 18. Bc4 Re7 19. Rf3 Ng3 20. Re1 Kg7 21. Ree3 f5 $1 {[%cal Rg3e4]} 22. Bd5 Nxe4 23. c4 (23. Bxb7 $17 Qxb7 24. Nxe4 Rxe4 25. b3) 23... Nf6 24. Qc3 (24. Rxe7+ $17 {might work better.} Qxe7 25. Bxb7 Qxb7 26. Qc3) 24... Rae8 (24... Bxd5 $19 25. cxd5 Rae8 26. Rxe7+ Qxe7) 25. Rxf5 gxf5 26. Rg3+ Kh8 $1 ({Much worse is} 26... Qxg3 $6 27. Qxg3+ Kh8 28. Qc3 $14) 27. Qxf6+ {[%mdl 64] Double Attack} Rg7 28. Re3 {[%cal Re3e8]} Rb8 29. Qxf5 Bxd5 30. cxd5 Rbg8 31. g4 {[#]} Rg5 $1 {[%cal Rg5f5]} 32. Qf6+ Qg7 33. Qxg7+ Kxg7 {[%mdl 4096] Endgame KRR-KRN} 34. Re7+ {[#]} Kf6 (34... Kf8 $1 $17 {[%cal Rf8e7]} 35. d6 Rd5) 35. d6 $11 {Ne4+ is the strong threat.The position is equal.} Rd5 36. Ne4+ Kg6 37. Re6+ Kf7 38. Re7+ {[%mdl 64] Double Attack} Kg6 39. Re6+ Kf7 40. Re7+ {[%mdl 64] Double Attack. Accuracy: White = 34%, Black = 65%.} 1/2-1/2

[Event "Marienbad Open-A1 2019"]
[Site "Marianske Lazne"]
[Date "2019.01.24"]
[Round "7"]
[White "Voloshin, Leonid"]
[Black "Cernousek, Lukas"]
[Result "1/2-1/2"]
[WhiteElo "2381"]
[BlackElo "2427"]
[Annotator "TA"]
[PlyCount "31"]
[EventDate "2019.01.17"]
[EventType "tourn"]
[EventCountry "CZE"]
[SourceTitle "playchess.com"]
[Source "ChessBase"]
[SourceQuality "1"]

{[%evp 16,31,10,9,37,19,22,23,25,25,33,0,7,-7,-8,0,-8,-11]} 1. c4 e6 2. g3 d5 3. Bg2 c6 4. Qc2 Bd6 5. d4 f5 6. Nf3 Nf6 {[%cal Bg8f6,Bf6e4,Be4d2][%mdl 32]} 7. O-O O-O 8. b3 Qe7 9. Bb2 {LiveBook: 66 Games. A90: Dutch Defence: Miscellaneous and Modern Stonewall (with ...Bd6)} (9. Rd1 b6 10. Ne5 Bb7 11. Nc3 Nbd7 12. Nxd7 Qxd7 13. a4 a5 14. Ba3 Bxa3 15. Rxa3 Qd6 16. Raa1 f4 {½-½ (56) Ernst,S (2527)-Agdestein,S (2606) Berlin 2015}) 9... a5 10. Nbd2 Ne4 11. Ne5 {[%cal Rd2e4]} Nxd2 $146 ({Predecessor:} 11... Nd7 12. f3 Nxe5 13. fxe4 Ng4 14. e5 Bb4 15. Qd3 Qg5 16. Nf3 {1-0 (53) Campos Hernandez,A (2173)-Solano Lasierra,J (2181) Aragon 2014}) 12. Qxd2 Nd7 13. Nxd7 Bxd7 {The position is equal.} 14. Rac1 b5 15. c5 Bc7 16. f4 1/2-1/2

[Event "Marienbad Open-A1 2019"]
[Site "Marianske Lazne"]
[Date "2019.01.24"]
[Round "7"]
[White "Oboladze, Luka"]
[Black "Plat, Vojtech"]
[Result "1/2-1/2"]
[WhiteElo "2295"]
[BlackElo "2552"]
[Annotator "ChessBase"]
[PlyCount "109"]
[EventDate "2019.01.17"]
[EventType "tourn"]
[EventCountry "CZE"]
[SourceTitle "playchess.com"]
[Source "ChessBase"]
[SourceQuality "1"]
[TimeControl "40/5400+30:1800+30"]

1. d4 {[%emt 0:00:00]} d5 {[%emt 0:05:41]} 2. c4 {[%emt 0:00:00]} Nc6 {[%emt 0:00:06]} 3. Nf3 {[%emt 0:00:13]} Bg4 {[%emt 0:00:04]} 4. cxd5 {[%emt 0:00:31]} Bxf3 {[%emt 0:00:05]} 5. gxf3 {[%emt 0:00:02]} Qxd5 {[%emt 0:00:30]} 6. e3 {[%emt 0:00:05]} e5 {[%emt 0:00:00]} 7. Nc3 {[%emt 0:00:44]} Bb4 {[%emt 0:00:00]} 8. Bd2 {[%emt 0:00:05]} Bxc3 {[%emt 0:00:00]} 9. bxc3 {[%emt 0:00:03]} exd4 {[%emt 0:00:00]} 10. cxd4 {[%emt 0:00:09]} Nf6 {[%emt 0:00:14]} 11. Be2 {[%emt 0:04:18]} O-O {[%emt 0:00:30]} 12. Qb3 {[%emt 0:05:11]} Rfe8 {[%emt 0:01:58]} 13. Qxd5 {[%emt 0:04:24]} Nxd5 {[%emt 0:00:04]} 14. Rb1 {[%emt 0:02:01]} Re7 {[%emt 0:02:05]} 15. Kf1 {[%emt 0:06:11]} a6 {[%emt 0:14:33]} 16. Bd3 {[%emt 0:09:38]} Nb6 {[%emt 0:03:50]} 17. Kg2 {[%emt 0:02:22]} Rd8 {[%emt 0:01:40]} 18. Rhc1 {[%emt 0:00:50]} Re6 {[%emt 0:02:25]} 19. Be4 {[%emt 0:05:44]} g6 {[%emt 0:01:48]} 20. Rc5 {[%emt 0:03:45]} f5 {[%emt 0:03:47]} 21. Bc2 {[%emt 0:03:39]} Kf8 {[%emt 0:00:14]} 22. f4 {[%emt 0:02:53]} Ke8 {[%emt 0:03:45]} 23. a4 {[%emt 0:01:53]} Red6 {[%emt 0:01:10]} 24. Bb3 {[%emt 0:04:51]} Nd7 {[%emt 0:03:34]} 25. Rc2 {[%emt 0:02:02]} Nf6 {[%emt 0:00:33]} 26. Bc4 {[%emt 0:12:22]} Rb8 {[%emt 0:00:08]} 27. Rcb2 {[%emt 0:01:20]} Nd8 {[%emt 0:00:42]} 28. Bb4 {[%emt 0:03:11]} Rc6 {[%emt 0:00:44]} 29. Ba2 {[%emt 0:00:27]} Nd7 {[%emt 0:09:12]} 30. f3 {[%emt 0:03:44]} b5 {[%emt 0:04:40]} 31. a5 {[%emt 0:05:03]} Rf6 {[%emt 0:00:29]} 32. Rc2 {[%emt 0:01:35]} Rc6 {[%emt 0:03:36]} 33. Rbc1 {[%emt 0:00:34]} Rxc2+ {[%emt 0:00:04]} 34. Rxc2 {[%emt 0:00:03]} c5 35. dxc5 {[%emt 0:05:23]} Nc6 {[%emt 0:00:17]} 36. Be1 {[%emt 0:00:05]} Kd8 {[%emt 0:01:38]} 37. e4 {[%emt 0:01:23]} b4 {[%emt 0:00:48]} 38. Bd5 {[%emt 0:07:24]} Kc7 {[%emt 0:00:03]} 39. Rb2 {[%emt 0:01:04]} Nxc5 {[%emt 0:00:08]} 40. Bf2 {[%emt 0:00:10]} Na4 {[%emt 0:03:17]} 41. Rc2 {[%emt 0:30:37]} Nc3 {[%emt 0:30:02]} 42. Be1 {[%emt 0:00:00]} Nd4 {[%emt 0:00:00]} 43. Bxc3 {[%emt 0:00:00]} bxc3 {[%emt 0:00:00]} 44. Rxc3+ {[%emt 0:00:00]} Kd6 {[%emt 0:00:00]} 45. Rc4 {[%emt 0:00:00]} Rb2+ {[%emt 0:00:00]} 46. Kh3 {[%emt 0:00:00]} Ne2 {[%emt 0:00:00]} 47. Rc6+ {[%emt 0:00:00]} Kd7 {[%emt 0:00:00]} 48. Kh4 {[%emt 0:00:00]} fxe4 {[%emt 0:00:00]} 49. Bxe4 {[%emt 0:00:05]} Nxf4 {[%emt 0:00:00]} 50. Kg5 {[%emt 0:01:05]} Ne6+ {[%emt 0:00:00]} 51. Kf6 {[%emt 0:00:05]} Nc7 {[%emt 0:00:00]} 52. Rb6 {[%emt 0:00:59]} Rxh2 {[%emt 0:00:00]} 53. Bc6+ {[%emt 0:00:06]} Kc8 {[%emt 0:00:00]} 54. Bb7+ {[%emt 0:00:04]} Kd7 {[%emt 0:00:00]} 55. Bc6+ {[%emt 0:00:05]} 1/2-1/2

[Event "Marienbad Open-A1 2019"]
[Site "Marianske Lazne"]
[Date "2019.01.25"]
[Round "8"]
[White "Plat, Vojtech"]
[Black "Makarian, Rudik"]
[Result "1/2-1/2"]
[WhiteElo "2552"]
[BlackElo "2354"]
[Annotator "TA"]
[PlyCount "23"]
[EventDate "2019.01.17"]
[EventType "tourn"]
[EventCountry "CZE"]
[SourceTitle "playchess.com"]
[Source "ChessBase"]
[SourceQuality "1"]

{[%evp 18,23,2,-9,0,0,0,-6]} 1. d4 Nf6 2. Nf3 e6 3. Bg5 d5 4. e3 Be7 5. Bd3 Nbd7 6. Nbd2 c5 7. c3 O-O 8. O-O b6 9. Qe2 Bb7 10. Ba6 {LiveBook: 3 Games. The position is equal. D03: 1 d4 d5 2 Nf3 Nf6 3 Bg5, including Torre Attack with early ...d5} (10. Rad1 Rc8 11. Rfe1 Ne4 12. Bxe7 Qxe7 13. Bb5 Ndf6 14. Ne5 Nd6 15. Bd3 Rc7 16. h3 Rfc8 17. Bb1 Nd7 18. Qd3 f5 19. Nxd7 Qxd7 20. Nf3 Qb5 {1-0 (80) Harikrishna,P (2726)-Iturrizaga Bonelli,E (2653) Dubai 2014}) 10... Qc8 11. Bxb7 Qxb7 12. Rfe1 $146 ({Predecessor:} 12. Ne5 Nxe5 13. dxe5 Ne8 14. Bxe7 Qxe7 15. e4 Nc7 16. f4 Rad8 17. Rae1 f5 18. exf6 Qxf6 {1-0 (47) Bien,S (2111)-Gerdell,F (2063) Germany 2011}) 1/2-1/2

[Event "Marienbad Open-A1 2019"]
[Site "Marianske Lazne"]
[Date "2019.01.25"]
[Round "8"]
[White "Cernousek, Lukas"]
[Black "Gumularz, Szymon"]
[Result "1-0"]
[WhiteElo "2427"]
[BlackElo "2475"]
[Annotator "TA"]
[PlyCount "121"]
[EventDate "2019.01.17"]
[EventType "tourn"]
[EventCountry "CZE"]
[SourceTitle "playchess.com"]
[Source "ChessBase"]
[SourceQuality "1"]

{[%evp 16,121,37,42,53,39,50,43,53,55,53,21,26,27,35,6,21,0,0,0,34,35,57,39,38,21,54,-15,46,-2,85,84,74,74,73,82,82,39,96,83,128,9,20,12,20,18,17,0,14,3,8,8,8,2,8,9,41,41,40,27,37,42,154,168,156,148,166,153,131,120,317,310,310,310,260,77,90,77,79,79,81,81,80,79,79,79,216,42,42,0,195,79,2196,2196,29981,29982,29982,29978,29987,29972,29988,29989,29989,29990,29991,29991,29992,29992]} 1. e4 c5 2. Nf3 e6 3. d4 cxd4 4. Nxd4 Nc6 5. Nc3 Qc7 6. Be3 a6 7. Qf3 {B48: Sicilian: Taimanov: 5 Nc3 Qc7 6 Be3 a6 without Be2} d6 (7... Ne5 8. Qg3 b5 9. O-O-O Nf6 10. f4 Neg4 11. Bd2 b4 12. Na4 Qa7 13. h3 Nxe4 14. Qxg4 Qxd4 {0-1 (40) Leko,P (2679)-McShane,L (2667) Germany 2018}) 8. Nxc6 Qxc6 9. Qg3 {LiveBook: 3 Games. White is slightly better.} b5 10. Bd3 Bb7 11. O-O Nf6 {[%cal Bg8f6,Bf6d7,Bd7e5][%mdl 32]} 12. f3 h5 $146 {[%cal Bh7h5,Bh5h4][%mdl 32]} ({Predecessor:} 12... Qc7 13. Kh1 g6 14. Rfd1 Bc6 {1-0 (36) Skaperdas,K (2152)-Kouta,A (2152) Athens 2016}) 13. Ne2 h4 14. Qf2 h3 15. g4 Nd7 16. Qg3 Ne5 17. Nf4 {[%cal Be2f4,Bf4h3,Bh3f2,Bf2d3,Bd3c5][%mdl 32]} g6 18. Nxh3 Bg7 19. Nf2 Nxd3 20. Nxd3 Qxc2 21. Rfd1 (21. Rad1 $1 $14) 21... O-O (21... Qe2 $11 22. Qf2 Qxf2+ 23. Bxf2 Ke7) 22. Rac1 ({Avoid the trap} 22. Qxd6 $2 Rad8 $19) 22... Qa4 (22... Qe2 $11 23. Qf2 Qxf2+ 24. Nxf2 Bxb2) 23. Qxd6 $16 Qxa2 24. Nc5 Qxb2 25. Nxb7 Qe2 26. Bc5 Qxf3 (26... Bh6 $14) 27. Qg3 Qxe4 28. Qg2 (28. Nd6 $16 Qe5 29. Qf3) 28... Qxg2+ $11 29. Kxg2 Rfc8 30. Bb4 Bf8 31. Ba5 (31. Be1 {looks sharper.} b4 32. Na5 Rcb8 33. Rc2 Bg7 34. Rd3) 31... Be7 32. Rxc8+ Rxc8 33. Rd7 Kf8 34. Nd6 Rc2+ 35. Kf3 Rxh2 {[#]} 36. Nxf7 $1 {[%mdl 512] Threatens to win with Ne5.} Ra2 (36... Kxf7 37. Bb4) 37. Ne5 Ke8 38. Bb6 {Ra7 is the strong threat.} Bf6 ({Black should try} 38... Ra3+ $1 $14 39. Ke4 Ra4+ 40. Rd4 Bf6) 39. Rd6 $16 Bxe5 40. Rxe6+ {[%mdl 64] Double Attack} Kd7 41. Rxe5 $18 {[%mdl 4096] Endgame KRB-KR} b4 42. Bd4 $1 a5 $2 (42... b3 $16) 43. Rb5 Kc6 44. Rc5+ Kd6 45. Ke4 $2 (45. Rg5 $18) 45... a4 46. Rd5+ Ke6 {White must now prevent ...Re2+.} 47. Re5+ Kf7 48. Rb5 b3 49. Rb7+ Ke6 50. Rb6+ Kf7 (50... Kd7 $16 {keeps fighting.}) 51. Rb4 $2 ({White must play} 51. g5 $1 $18) 51... Ke6 $14 52. Rb6+ $2 (52. Rb7 $14) 52... Kf7 $18 {[#]} 53. Kd5 (53. g5 $1 $18 {is the precise move to win.}) 53... Rg2 $2 {[%mdl 8192] [#]} (53... g5 $16) 54. Rb7+ $1 Kg8 55. Ke6 {White mates.} Re2+ 56. Be5 g5 57. Rb4 a3 58. Rxb3 a2 59. Ra3 Re4 60. Ra8+ Kh7 61. Kf5 {Accuracy: White = 40%, Black = 37%.} 1-0

[Event "Marienbad Open-A1 2019"]
[Site "Marianske Lazne"]
[Date "2019.01.25"]
[Round "8"]
[White "Simek, Petr"]
[Black "Voloshin, Leonid"]
[Result "0-1"]
[WhiteElo "2330"]
[BlackElo "2381"]
[Annotator "NA"]
[PlyCount "110"]
[EventDate "2019.01.17"]
[EventType "tourn"]
[EventCountry "CZE"]
[SourceTitle "playchess.com"]
[Source "ChessBase"]
[SourceQuality "1"]
[TimeControl "40/5400+30:1800+30"]

1. d4 {[%emt 0:00:00]} d5 {[%emt 0:00:00]} 2. c4 {[%emt 0:00:00]} e6 {[%emt 0:00:00]} 3. Nf3 {[%emt 0:00:00]} c6 {[%emt 0:02:27]} 4. g3 {[%emt 0:03:58]} Bd6 {[%emt 0:04:23]} 5. Bg2 {[%emt 0:00:20]} f5 {[%emt 0:00:06]} 6. O-O {[%emt 0:01:07]} Nf6 {[%emt 0:00:04]} 7. Qc2 {[%emt 0:00:17]} O-O {[%emt 0:00:14]} 8. Nc3 {[%emt 0:00:05]} Qe7 {[%emt 0:03:29]} 9. Rb1 {[%emt 0:01:14]} Ne4 {[%emt 0:05:22]} 10. b4 {[%emt 0:01:57]} a6 {[%emt 0:04:36]} 11. a4 {[%emt 0:01:45]} Bd7 {[%emt 0:14:02]} 12. b5 {[%emt 0:08:45]} axb5 {[%emt 0:07:11]} 13. axb5 {[%emt 0:00:06]} Nxc3 {[%emt 0:17:26]} 14. Qxc3 {[%emt 0:00:07]} dxc4 {[%emt 0:00:03]} 15. b6 {[%emt 0:06:58]} Be8 {[%emt 0:11:47]} 16. Bg5 {[%emt 0:04:49]} Qf7 {[%emt 0:01:27]} 17. Qxc4 {[%emt 0:00:13]} Nd7 {[%emt 0:01:02]} 18. Bf4 {[%emt 0:01:14]} Bxf4 {[%emt 0:01:12]} 19. gxf4 {[%emt 0:00:16]} Qe7 {[%emt 0:00:55]} 20. Rb3 {[%emt 0:04:13]} Bf7 {[%emt 0:00:24]} 21. Qb4 {[%emt 0:12:00]} Qxb4 {[%emt 0:01:41]} 22. Rxb4 {[%emt 0:04:13]} Bh5 {[%emt 0:00:46]} 23. Rb2 {[%emt 0:07:28]} Bxf3 {[%emt 0:00:52]} 24. Bxf3 {[%emt 0:00:05]} Ra4 {[%emt 0:02:40]} 25. e3 {[%emt 0:00:33]} Rfa8 {[%emt 0:00:37]} 26. Rfb1 {[%emt 0:02:26]} Kf7 {[%emt 0:01:03]} 27. Kg2 {[%emt 0:00:39]} Ra1 {[%emt 0:02:26]} 28. Rxa1 {[%emt 0:02:52]} Rxa1 {[%emt 0:00:05]} 29. Be2 {[%emt 0:00:30]} Ke7 {[%emt 0:00:27]} 30. Bc4 {[%emt 0:01:04]} Ra4 {[%emt 0:01:25]} 31. Be2 {[%emt 0:01:56]} Kd6 {[%emt 0:00:35]} 32. h4 {[%emt 0:01:19]} Nf6 {[%emt 0:01:54]} 33. Bd1 {[%emt 0:00:28]} Ra5 {[%emt 0:02:23]} 34. Bf3 {[%emt 0:00:20]} Nd7 {[%emt 0:06:16]} 35. Be2 {[%emt 0:00:26]} Nf6 {[%emt 0:00:30]} 36. Bf3 {[%emt 0:00:08]} Nd5 {[%emt 0:04:08]} 37. Bxd5 {[%emt 0:01:50]} exd5 {[%emt 0:01:22]} 38. Rb1 {[%emt 0:02:13]} Rb5 {[%emt 0:01:22]} 39. Ra1 {[%emt 0:00:04]} c5 {[%emt 0:01:48]} 40. dxc5+ {[%emt 0:00:35]} Kxc5 {[%emt 0:00:01]} 41. Rc1+ {[%emt 0:30:35]} Kxb6 {[%emt 0:30:10]} 42. Rc8 {[%emt 0:00:12]} Rc5 {[%emt 0:00:00]} 43. Rg8 {[%emt 0:00:00]} Rc7 {[%emt 0:00:00]} 44. Kf3 {[%emt 0:00:00]} Kc5 {[%emt 0:00:00]} 45. Ke2 {[%emt 0:00:00]} Kc4 {[%emt 0:00:00]} 46. Rf8 {[%emt 0:00:00]} b5 {[%emt 0:00:00]} 47. Rxf5 {[%emt 0:00:00]} b4 {[%emt 0:00:00]} 48. Rf8 {[%emt 0:00:00]} b3 {[%emt 0:00:00]} 49. Kd2 {[%emt 0:00:00]} Kb4 {[%emt 0:00:00]} 50. Rb8+ {[%emt 0:00:00]} Ka3 {[%emt 0:00:00]} 51. Kd3 {[%emt 0:00:00]} Rc4 {[%emt 0:00:00]} 52. f3 {[%emt 0:00:00]} b2 {[%emt 0:00:00]} 53. e4 {[%emt 0:00:00]} Rb4 {[%emt 0:00:00]} 54. Rxb4 {[%emt 0:00:00]} Kxb4 {[%emt 0:00:00]} 55. Kc2 {[%emt 0:00:00]} Ka3 {[%emt 0:00:00]} 0-1

[Event "Marienbad Open-A1 2019"]
[Site "Marianske Lazne"]
[Date "2019.01.25"]
[Round "8"]
[White "Oboladze, Luka"]
[Black "Chernyshov, Konstantin"]
[Result "1/2-1/2"]
[WhiteElo "2295"]
[BlackElo "2500"]
[Annotator "TA"]
[PlyCount "35"]
[EventDate "2019.01.17"]
[EventType "tourn"]
[EventCountry "CZE"]
[SourceTitle "playchess.com"]
[Source "ChessBase"]
[SourceQuality "1"]

{[%evp 16,18,36,31,44]} 1. e4 e6 2. d4 d5 3. Nd2 dxe4 4. Nxe4 Nd7 5. Nf3 Ngf6 6. Nxf6+ Nxf6 7. Be2 Be7 8. O-O O-O 9. Ne5 c5 {C10: French with 3 Nc3: Unusual Black 3rd moves and 3...dxe4} {Predecessor:} 10. dxc5 $146 Qc7 11. Bf4 Qxc5 12. Bf3 Qb6 13. Rb1 Rd8 14. Qe2 Nd5 15. Bg3 Bd7 16. a3 Bf6 17. Rfd1 Bxe5 18. Bxe5 {½-½ (47) Ruefenacht,M (2437)-Novikovas,V (2545) ICCF email 2011} 1/2-1/2